000 00402nam a2200169Ia 4500
008 240830s1992 xx 000 0 und d
041 _aeng
082 _a610/DAV
100 _aDAVIS F.A.
245 _aLOW BACK PAIN SYNDROME.
250 _a4
260 _aPUNE
_bJAYPEE BROTHERS
_c1992
300 _a341p
650 _aKAYA-CHIKITSA
906 _aLOW BACK PAIN SYNDROME.
999 _c1187281
_d1187281